|
LDR
| 01527nam a22004335i 4500 |
|---|
| 001 | 5751 |
|---|
| 003 | CONS |
|---|
| 005 | 20121026191239.0 |
|---|
| 007 | cr nn 008mamaa |
|---|
| 008 | 110715s2011 gw | s |||| 0|eng d |
|---|
| 020 | | . |
‡a9783790826012
‡9978-3-7908-2601-2 |
|---|
| 024 | 7 | . |
‡a10.1007/978-3-7908-2601-2
‡2doi |
|---|
| 035 | | . |
‡a(DE-He213)978-3-7908-2601-2 |
|---|
| 050 | | 4. |
‡aHF1351-1647 |
|---|
| 072 | | 7. |
‡aKCL
‡2bicssc |
|---|
| 072 | | 7. |
‡aBUS069020
‡2bisacsh |
|---|
| 100 | 1 | . |
‡aBleischwitz, Raimund. |
|---|
| 245 | 1 | 0. |
‡aInternational Economics of Resource Efficiency
‡h[electronic resource] :
‡bEco-Innovation Policies for a Green Economy /
‡cedited by Raimund Bleischwitz, Paul J.J. Welfens, ZhongXiang Zhang. |
|---|
| 260 | | . |
‡aHeidelberg :
‡bPhysica-Verlag HD,
‡c2011. |
|---|
| 300 | | . |
‡aXXX, 394p. 122 illus.
‡bdigital. |
|---|
| 650 | | 0. |
‡aEconomics. |
|---|
| 650 | | 0. |
‡aGeography. |
|---|
| 650 | | 0. |
‡aSustainable development. |
|---|
| 650 | | 0. |
‡aEconomic policy. |
|---|
| 650 | | 0. |
‡aInternational economics. |
|---|
| 650 | | 0. |
‡aMacroeconomics. |
|---|
| 650 | 1 | 4. |
‡aEconomics/Management Science. |
|---|
| 650 | 2 | 4. |
‡aInternational Economics. |
|---|
| 650 | 2 | 4. |
‡aSustainable Development. |
|---|
| 650 | 2 | 4. |
‡aEconomic Policy. |
|---|
| 650 | 2 | 4. |
‡aMacroeconomics/Monetary Economics. |
|---|
| 650 | 2 | 4. |
‡aR & D/Technology Policy. |
|---|
| 650 | 2 | 4. |
‡aEconomic Geography. |
|---|
| 700 | 1 | . |
‡aWelfens, Paul J.J. |
|---|
| 700 | 1 | . |
‡aZhang, ZhongXiang. |
|---|
| 710 | 2 | . |
‡aSpringerLink (Online service) |
|---|
| 773 | 0 | . |
‡tSpringer eBooks |
|---|
| 776 | 0 | 8. |
‡iPrinted edition:
‡z9783790826005 |
|---|
| 856 | 4 | 0. |
‡uhttp://dx.doi.org/10.1007/978-3-7908-2601-2
‡9CONS |
|---|
| 950 | | . |
‡aBusiness and Economics (Springer-11643) |
|---|
| 901 | | . |
‡a5751
‡b
‡c5751
‡tbiblio
‡sSystem Local |
|---|